Statistics for New Orleans Pelicans: Top 10 All-Time Leaders

Click here to take the quiz!

General Stats

  • This quiz has been taken 370 times
    (3 since last reset)
  • The average score is 52 of 107

Answer Stats

Category#PlayerAmount% Correct
Points1Anthony Davis11,059
100%
Assists7Anthony Davis982
100%
Triple-DoublesT10Anthony Davis1
100%
Games2Anthony Davis466
100%
Points Per Game2Anthony Davis23.7
100%
Field Goal Percent8Anthony Davis51.7%
100%
Blocks1Anthony Davis1,121
100%
Steals2Anthony Davis639
100%
Rebounds1Anthony Davis4,906
100%
Points Per Game6Baron Davis20.2
100%
Steals6Baron Davis280
100%
Assists8Baron Davis950
100%
Triple-DoublesT10Baron Davis1
100%
Three Pointers Made4Brandon Ingram515
100%
Games7Brandon Ingram284
100%
Rebounds10Brandon Ingram1,556
100%
Triple-DoublesT4Brandon Ingram3
100%
Assists3Brandon Ingram1,478
100%
Points Per Game3Brandon Ingram23.2
100%
Points5Brandon Ingram6,579
100%
Steals1Chris Paul1,010
100%
Rebounds6Chris Paul1,951
100%
Three Pointers Made9Chris Paul379
100%
Triple-Doubles1Chris Paul11
100%
Assists1Chris Paul4,228
100%
Points3Chris Paul7,936
100%
Games3Chris Paul425
100%
Points Per Game7Chris Paul18.7
100%
Field Goal Percent3Zion Williamson59.8%
100%
Points Per Game1Zion Williamson24.7
100%
Points6Zion Williamson4,207
100%
Triple-DoublesT4DeMarcus Cousins3
67%
Steals5Herbert Jones312
67%
Field Goal Percent10Herbert Jones48.5%
67%
Points Per Game8Jrue Holiday17.6
67%
Blocks5Jrue Holiday267
67%
Points4Jrue Holiday7,321
67%
Three Pointers Made1Jrue Holiday628
67%
Games4Jrue Holiday415
67%
Assists2Jrue Holiday2,833
67%
Rebounds9Jrue Holiday1,728
67%
Steals3Jrue Holiday638
67%
Triple-DoublesT6Jrue Holiday2
67%
Three Pointers Made5CJ McCollum448
33%
Assists9CJ McCollum803
33%
Points Per Game5CJ McCollum20.6
33%
Steals4David West396
33%
Field Goal Percent9David West49.0%
33%
Points2David West8,690
33%
Assists6David West1,042
33%
Games1David West530
33%
Rebounds2David West3,853
33%
Points Per Game9David West16.4
33%
Blocks2David West435
33%
Blocks3Emeka Okafor305
33%
Rebounds8Emeka Okafor1,736
33%
Field Goal Percent5Emeka Okafor54.4%
33%
Triple-DoublesT6Jamal Mashburn2
33%
Points Per Game4Jamal Mashburn21.5
33%
Triple-DoublesT10Jarrett Jack1
33%
Field Goal Percent4Jonas Valančiūnas54.8%
33%
Rebounds4Jonas Valančiūnas2,271
33%
Points9Jonas Valančiūnas3,285
33%
Blocks9Jonas Valančiūnas177
33%
Field Goal Percent6Julius Randle52.4%
33%
Triple-DoublesT10Julius Randle1
33%
Assists10Lonzo Ball754
33%
Triple-Doubles3Lonzo Ball4
33%
Three Pointers Made2Peja Stojakovic553
33%
Games5P.J. Brown315
33%
Points10P.J. Brown3,231
33%
Steals7P.J. Brown265
33%
Blocks6P.J. Brown253
33%
Rebounds3P.J. Brown2,675
33%
Triple-DoublesT6Rajon Rondo2
33%
Points7Ryan Anderson3,702
33%
Points Per Game10Ryan Anderson16.1
33%
Three Pointers Made3Ryan Anderson533
33%
Three Pointers Made8Trey Murphy III395
33%
Triple-DoublesT6Tyreke Evans2
33%
Steals8Tyreke Evans239
33%
Assists4Tyreke Evans1,139
33%
Field Goal Percent7Alexis Ajinca51.9%
0%
Steals9Al-Farouq Aminu233
0%
Games9Dante Cunningham263
0%
Games10Darius Miller253
0%
Triple-DoublesT10Darren Collison1
0%
Triple-Doubles2Elfrid Payton6
0%
Three Pointers Made6Eric Gordon421
0%
Steals10Eric Gordon225
0%
Points8Eric Gordon3,390
0%
Three Pointers Made10E'Twaun Moore344
0%
Games8E'Twaun Moore264
0%
Triple-DoublesT10Greivis Vásquez1
0%
Assists5Greivis Vasquez1,063
0%
Rebounds7Jamaal Magloire1,776
0%
Blocks7Jamaal Magloire235
0%
Field Goal Percent1Jaxson Hayes62.2%
0%
Blocks10Jaxson Hayes167
0%
Games6Rasual Butler293
0%
Blocks8Rasual Butler181
0%
Three Pointers Made7Rasual Butler410
0%
Triple-DoublesT10Steven Adams1
0%
Triple-DoublesT10Tim Frazier1
0%
Rebounds5Tyson Chandler2,225
0%
Blocks4Tyson Chandler269
0%
Field Goal Percent2Tyson Chandler61.1%
0%

Score Distribution

Percentile by Number Answered

Percent of People with Each Score

Your Score History

You have not taken this quiz since the last reset